LDR 00690naa#a2200205#i#450# 001 EN\\bibl\117557 005 20260502143309.6 011 ## _a2413-046X 100 ## _a20260421b2026####ek#y0engy0150####ca 102 ## _aRU 200 1# _aTHE ROLE OF ECONOMETRIC TOOLS IN INCREASING THE EFFECTIVENESS OF THE ENTERPRISE'S CONTROLLING SYSTEM _eJournal article 210 1# _aMoscow _cElectronic science _d2026 215 ## _a11 с. 608 ## _aJournal article _2local 675 ## _aЭконометрия. 330.43 _z 700 #1 _aPihtil'kova _gOl'ga Aleksandrovna 700 #1 _aPronina _gElena Vladislavovna 700 #1 _aMorozova _gTat'yana Anatol'evna 700 #1 _aKartashova _gAnna Vladimirovna 856 4# _ae-integral.ru _u